| 000 | 02008nam a2200349Ia 4500 | ||
|---|---|---|---|
| 001 | ebr10120240 | ||
| 003 | CaPaEBR | ||
| 006 | m u | ||
| 007 | cr cn||||||||| | ||
| 008 | 060314s2006 dcuab sbs 100 0 eng d | ||
| 020 | _z030910047X | ||
| 040 |
_aCaPaEBR _cCaPaEBR |
||
| 035 | _a(OCoLC)560082062 | ||
| 050 | 1 | 4 |
_aRA565 _b.R68 2006eb |
| 111 | 2 |
_aRoundtable on Environmental Health Sciences, Research, and Medicine _d(2004 : _cDes Moines, Iowa) |
|
| 245 | 1 | 0 |
_aRebuilding the unity of health and the environment in rural America _h[electronic resource] : _bworkshop summary / _cJames Merchant, Christine M. Coussens, and Dalia Gilbert editors ; Roundtable on Environmental Health Sciences, Research, and Medicine ; Board on Population Health and Public Health Practice, Institute of Medicine of the National Academies. |
| 260 |
_aWashington, D.C. : _bNational Academies Press, _cc2006. |
||
| 300 |
_axii, 103 p. : _bill., maps. |
||
| 504 | _aIncludes bibliographical references (p. 87-89). | ||
| 505 | 0 | _aEnvironmental health in rural America -- Social environment in rural America -- Role of the natural environment in rural America -- Built environment and health in rural areas. | |
| 533 |
_aElectronic reproduction. _bPalo Alto, Calif. : _cebrary, _d2009. _nAvailable via World Wide Web. _nAccess may be limited to ebrary affiliated libraries. |
||
| 650 | 0 |
_aEnvironmental health _zUnited States _vCongresses. |
|
| 650 | 0 |
_aPublic health _zUnited States _vCongresses. |
|
| 655 | 7 |
_aElectronic books. _2local |
|
| 700 | 1 | _aMerchant, James. | |
| 700 | 1 | _aCoussens, Christine. | |
| 700 | 1 | _aGilbert, Dalia. | |
| 710 | 2 |
_aInstitute of Medicine (U.S.). _bRoundtable on Environmental Health Sciences, Research, and Medicine. |
|
| 710 | 2 |
_aInstitute of Medicine (U.S.). _bBoard on Population Health and Public Health Practice. |
|
| 710 | 2 | _aebrary, Inc. | |
| 856 | 4 | 0 |
_uhttp://site.ebrary.com/lib/rucke/Doc?id=10120240 _zAn electronic book accessible through the World Wide Web; click to view |
| 999 |
_c112020 _d112020 |
||